[Event "DEM U10/U10w 2009"]
[Site "Willingen GER"]
[Date "2009.05.31"]
[Round "1"]
[White "Truong, Van Trang"]
[Black "Schmekel, Florian"]
[Result "0-1"]
[Termination "normal"]
[Board "18"]
[WhiteElo "1059"]
[BlackElo "1410"]
[PlyCount "72"]
[BlackFideId "12913456"]
[EventCountry "GER"]
[EventRounds "11"]
[EventType "swiss"]
[EventDate "2009.05.30"]

1. e4 c5 2. Nf3 Nc6 3. Nc3 g6 4. g3 Bg7 5. Bg2 Nf6 6. O-O O-O 7. d4 cxd4 8.
Nxd4 Nxe4 9. Bxe4 Nxd4 10. Be3 Nc6 11. Qd2 d6 12. Bh6 Bh3 13. Rfe1 Ne5 14. Bxg7
Kxg7 15. Qd4 Kg8 16. Rab1 Qd7 17. Qd5 Rab8 18. Ne2 Be6 19. Qa5 b6 20. Qa6 Bc4
21. Qa3 Qg4 22. Nc3 a5 23. b3 Be6 24. Qc1 Nf3+ 25. Bxf3 Qxf3 26. Re3 Qf6 27.
Kg2 Rfc8 28. Rf3 Bh3+ 29. Kxh3 Qxf3 30. Nd1 Qf5+ 31. g4 Qxc2 32. Qb2 Qd3+ 33.
Ne3 d5 34. Kg2 d4 35. Nf1 Rc2 36. Qa3 Qe4+ 0-1

[Event "DEM U10/U10w 2009"]
[Site "Willingen GER"]
[Date "2009.05.31"]
[Round "1"]
[White "Moses, Selina"]
[Black "Spitzl, Vinzent"]
[Result "0-1"]
[Termination "normal"]
[Board "19"]
[WhiteElo "1044"]
[BlackElo "1382"]
[PlyCount "146"]
[WhiteFideId "12908070"]
[BlackFideId "12901253"]
[EventCountry "GER"]
[EventRounds "11"]
[EventType "swiss"]
[EventDate "2009.05.30"]

1. e4 e5 2. Nf3 Nf6 3. Nxe5 d6 4. Nf3 Nxe4 5. d4 d5 6. Bd3 Nc6 7. Nbd2 f5 8.
O-O Be7 9. Re1 O-O 10. c3 Na5 11. Bxe4 fxe4 12. Ne5 c5 13. Re2 Nc6 14. Nxc6
bxc6 15. dxc5 Bxc5 16. Nb3 Bb6 17. a4 Bg4 18. Be3 Bxe2 19. Qxe2 Bxe3 20. Qxe3
Qb6 21. Qxb6 axb6 22. Nd4 c5 23. Ne6 Rf5 24. g4 Re5 25. Nc7 Rc8 26. f4 Re7 27.
Nxd5 Ree8 28. Nxb6 Rcd8 29. a5 Rd6 30. Nc4 Rc6 31. a6 Ra8 32. a7 Rc7 33. Kf2
Rcxa7 34. Rxa7 Rxa7 35. Ke3 Ra4 36. b3 Ra2 37. h4 Rc2 38. Kxe4 Rxc3 39. Kd5 Rf3
40. f5 Rf4 41. Ne5 Rb4 42. Kxc5 Rxb3 43. h5 Re3 44. Kd4 Re1 45. g5 Rg1 46. f6
Rxg5 47. f7+ Kf8 48. Kd5 Rxh5 49. Ke6 Rxe5+ 50. Kxe5 Kxf7 51. Kf5 g6+ 52. Kg5
Ke6 53. Kg4 Kf6 54. Kf4 h5 55. Kg3 Kf5 56. Kh3 g5 57. Kg3 h4+ 58. Kh3 g4+ 59.
Kg2 Kf4 60. Kh2 g3+ 61. Kg1 Kf3 62. Kh1 g2+ 63. Kg1 h3 64. Kh2 Kf2 65. Kxh3
g1=Q 66. Kh4 Qg3+ 67. Kh5 Kf3 68. Kh6 Qg4 69. Kh7 Qg5 70. Kh8 Kf4 71. Kh7 Kf5
72. Kh8 Kf6 73. Kh7 Qg7# 0-1

[Event "DEM U10/U10w 2009"]
[Site "Willingen GER"]
[Date "2009.05.31"]
[Round "1"]
[White "Rempe, Moritz"]
[Black "Dopmann, Sina"]
[Result "1-0"]
[Termination "normal"]
[Board "20"]
[WhiteElo "1362"]
[BlackElo "1035"]
[PlyCount "35"]
[WhiteFideId "12906867"]
[EventCountry "GER"]
[EventRounds "11"]
[EventType "swiss"]
[EventDate "2009.05.30"]

1. e4 e5 2. Nf3 d6 3. Nc3 Be7 4. d4 Nd7 5. Bc4 Ngf6 6. O-O O-O 7. Be3 c6 8. Bb3
Qc7 9. d5 b5 10. dxc6 Qxc6 11. Nd5 Bd8 12. Bg5 Nxe4 13. Bxd8 Qc5 14. Ne7+ Kh8
15. Bd5 Rb8 16. Bxe4 Rxd8 17. Ng5 Re8 18. Nxf7# 1-0

[Event "DEM U10/U10w 2009"]
[Site "Willingen GER"]
[Date "2009.05.31"]
[Round "1"]
[White "Stukenborg, Rudi"]
[Black "Peter, Anton"]
[Result "0-1"]
[Termination "normal"]
[Board "21"]
[WhiteElo "1035"]
[BlackElo "1359"]
[PlyCount "152"]
[WhiteFideId "1270497"]
[BlackFideId "12901660"]
[EventCountry "GER"]
[EventRounds "11"]
[EventType "swiss"]
[EventDate "2009.05.30"]

1. e4 e5 2. Nf3 d6 3. d4 exd4 4. Nxd4 Nf6 5. Nc3 Be7 6. Bc4 O-O 7. f3 Nbd7 8.
Be3 Re8 9. Qd2 Bf8 10. O-O-O c6 11. Nf5 Ne5 12. Bb3 Bxf5 13. exf5 b5 14. Bg5 a5
15. a4 bxa4 16. Bxa4 Qb6 17. Qf4 Qb4 18. Rd4 Qb6 19. Rdd1 Rab8 20. b3 Qc5 21.
Nb1 Nd5 22. Qd2 g6 23. f6 Re6 24. Bxc6 Nb6 25. Bd5 Ree8 26. Be3 Qb5 27. Nc3 Qb4
28. Nb1 Qxd2+ 29. Rxd2 Nxd5 30. Rxd5 Nxf3 31. gxf3 Rxe3 32. Nd2 Re5 33. Rxe5
dxe5 34. Nc4 Bh6+ 35. Kb2 Bg5 36. Nxe5 Bxf6 37. f4 Re8 38. Kc3 Bxe5+ 39. fxe5
Rxe5 40. Rd1 f5 41. Kd3 Rd5+ 42. Ke2 Rxd1 43. Kxd1 Kf7 44. Ke2 Ke6 45. Kd3 Kd5
46. c4+ Kc5 47. Kc3 f4 48. Kd3 g5 49. h3 h5 50. Ke4 h4 51. Kf3 a4 52. bxa4 Kb4
53. c5 Kxc5 54. a5 Kb5 55. a6 Kxa6 56. Ke4 Kb6 57. Kf3 Kc5 58. Ke4 Kc4 59. Kf3
Kd3 60. Kf2 Ke4 61. Ke2 f3+ 62. Kf1 Kf4 63. Kf2 g4 64. hxg4 Kxg4 65. Kf1 Kg3
66. Kg1 f2+ 67. Kf1 h3 68. Ke2 h2 69. Kd3 f1=Q+ 70. Kd4 h1=Q 71. Kc5 Qc1+ 72.
Kd6 Qhd1+ 73. Ke5 Qe3+ 74. Kf5 Qd5+ 75. Kg6 Qee6+ 76. Kg7 Qf7+ 0-1

[Event "DEM U10/U10w 2009"]
[Site "Willingen GER"]
[Date "2009.05.31"]
[Round "1"]
[White "Bachem, Oliver"]
[Black "Simon, Tessa"]
[Result "1-0"]
[Termination "normal"]
[Board "22"]
[WhiteElo "1349"]
[BlackElo "1032"]
[PlyCount "161"]
[WhiteFideId "12940186"]
[BlackFideId "12929395"]
[EventCountry "GER"]
[EventRounds "11"]
[EventType "swiss"]
[EventDate "2009.05.30"]

1. e4 e5 2. Nf3 Nc6 3. d4 exd4 4. Bc4 Nf6 5. Ng5 d5 6. exd5 Nxd5 7. Qf3 Be6 8.
Nxe6 fxe6 9. O-O Be7 10. Re1 Qd7 11. a4 Na5 12. Bxd5 exd5 13. Bg5 Nc6 14. c3
O-O-O 15. Bxe7 Nxe7 16. cxd4 g5 17. Nc3 g4 18. Qg3 h5 19. Qe3 Nf5 20. Qd3 h4
21. Re5 Ne7 22. Rf1 h3 23. g3 Rhf8 24. Ne2 Rf3 25. Re3 Rxe3 26. Qxe3 Nf5 27.
Qd3 Rf8 28. Nc3 Nh6 29. Qg6 Nf7 30. Qg7 Re8 31. b3 Qf5 32. Nd1 Qf3 33. Ne3 b6
34. Qxg4+ Qxg4 35. Nxg4 Ng5 36. Ne5 c5 37. f4 Ne4 38. dxc5 Nxc5 39. Rc1 d4 40.
b4 Rd8 41. bxc5 bxc5 42. Rxc5+ Kb7 43. Nd3 Kb6 44. Kf2 Rd6 45. Kf3 Re6 46. Rb5+
Kc6 47. Ne5+ Kd6 48. Ke4 a6 49. Rd5+ Ke7 50. Kxd4 Kf6 51. Nd7+ Kg6 52. Rg5+ Kf7
53. Kd5 Re2 54. Ne5+ Kf6 55. Ng4+ Kf7 56. Rh5 Rd2+ 57. Ke4 Ra2 58. Rxh3 Rxa4+
59. Kf3 Ra3+ 60. Ne3 a5 61. Rh5 a4 62. Ke4 Rc3 63. Ra5 a3 64. h4 Ke6 65. Ra6+
Kf7 66. g4 Rb3 67. h5 Kg7 68. g5 Kh7 69. Ra7+ Kg8 70. h6 Kh8 71. g6 Rb4+ 72.
Kf3 Rb8 73. Rxa3 Rg8 74. f5 Re8 75. Kf4 Kg8 76. Kg5 Kh8 77. Ra7 Kg8 78. Nd5 Rd8
79. h7+ Kh8 80. g7+ Kxh7 81. Nf6# 1-0

[Event "DEM U10/U10w 2009"]
[Site "Willingen GER"]
[Date "2009.05.31"]
[Round "1"]
[White "Lohmüller, Gedeon"]
[Black "Essler, Oskar"]
[Result "0-1"]
[Termination "normal"]
[Board "23"]
[WhiteElo "1015"]
[BlackElo "1341"]
[PlyCount "90"]
[BlackFideId "12918024"]
[EventCountry "GER"]
[EventRounds "11"]
[EventType "swiss"]
[EventDate "2009.05.30"]

1. e4 e6 2. Nc3 d5 3. exd5 exd5 4. Nf3 Nc6 5. Bb5 Qe7+ 6. Qe2 Qxe2+ 7. Nxe2 Bd7
8. O-O a6 9. Bxc6 Bxc6 10. Re1 O-O-O 11. Ne5 Be8 12. d4 f6 13. Nd3 Bd6 14. Bf4
g5 15. Bxd6 Rxd6 16. Nc3 Nh6 17. Nb4 Bf7 18. Re2 Nf5 19. Rd2 a5 20. Nd3 Nxd4
21. Nc5 b6 22. Rxd4 bxc5 23. Rd2 d4 24. Na4 Rd5 25. Re1 c4 26. Re7 Re8 27.
Rxe8+ Bxe8 28. c3 Bxa4 29. cxd4 c5 30. Re2 cxd4 31. Rd2 Re5 32. h3 c3 33. Rxd4
cxb2 34. Rc4+ Kb7 35. Rxa4 b1=Q+ 36. Kh2 Qb4 37. Rxb4+ axb4 38. g3 Re2 39. Kg2
Rxa2 40. h4 b3 41. hxg5 fxg5 42. Kh3 b2 43. f4 b1=Q 44. fxg5 Qf5+ 45. Kh4 Rh2#
0-1

[Event "DEM U10/U10w 2009"]
[Site "Willingen GER"]
[Date "2009.05.31"]
[Round "1"]
[White "Pallas, Sebastian"]
[Black "Kast, Larissa"]
[Result "1-0"]
[Termination "normal"]
[Board "24"]
[WhiteElo "1334"]
[BlackElo "1011"]
[PlyCount "103"]
[WhiteFideId "12905453"]
[BlackFideId "24699055"]
[EventCountry "GER"]
[EventRounds "11"]
[EventType "swiss"]
[EventDate "2009.05.30"]

1. d4 d5 2. c4 e6 3. Nc3 Nf6 4. Bg5 Be7 5. e3 O-O 6. Nf3 Nc6 7. cxd5 exd5 8.
Rc1 Bf5 9. Qb3 b6 10. Bxf6 Bxf6 11. Qxd5 Qxd5 12. Nxd5 Ne7 13. Nxf6+ gxf6 14.
Rxc7 Nd5 15. Rc1 Rfe8 16. Bb5 Re7 17. Bc6 Rc8 18. O-O Rd8 19. Bxd5 Rxd5 20. Nh4
Be4 21. Rfe1 Rg5 22. f3 Bd5 23. b3 Kh8 24. e4 Be6 25. d5 Bd7 26. Rc7 Rh5 27.
Nf5 Re8 28. Rxd7 Rg5 29. Rxf7 Reg8 30. g3 R5g6 31. Ne7 a5 32. Nxg6+ Rxg6 33.
Rf8+ Kg7 34. Rb8 Kh6 35. g4 Rg7 36. Rxb6 Rf7 37. h4 Kg7 38. f4 h6 39. e5 fxe5
40. fxe5 a4 41. e6 Rf8 42. e7 Re8 43. d6 Kf7 44. d7 Rxe7 45. d8=Q Rxe1+ 46. Kf2
Re8 47. Rf6+ Kg7 48. Qd4 axb3 49. Re6+ Kf7 50. Qf6+ Kg8 51. Rxe8+ Kh7 52. Rh8#
1-0

[Event "DEM U10/U10w 2009"]
[Site "Willingen GER"]
[Date "2009.05.31"]
[Round "1"]
[White "Reyher, Susan"]
[Black "Litzka, Richard"]
[Result "0-1"]
[Termination "normal"]
[Board "25"]
[WhiteElo "1004"]
[BlackElo "1330"]
[PlyCount "120"]
[WhiteFideId "24686107"]
[EventCountry "GER"]
[EventRounds "11"]
[EventType "swiss"]
[EventDate "2009.05.30"]

1. e4 c5 2. Nf3 e6 3. d4 cxd4 4. Nxd4 a6 5. Nc3 b5 6. Bf4 Bb4 7. a3 Bxc3+ 8.
bxc3 Qa5 9. Qd2 Nf6 10. Bd3 Bb7 11. Nb3 Qb6 12. Be3 Qc7 13. Nc5 d6 14. Nxb7
Qxb7 15. f3 O-O 16. O-O Nbd7 17. e5 Nxe5 18. Bg5 Nd5 19. Be4 Rac8 20. h4 Qc6
21. Bh6 f6 22. Bf4 Nc4 23. Qf2 Qc5 24. Bxd5 Qxd5 25. Qg3 Kh8 26. h5 e5 27. h6
Rg8 28. Rab1 Qc5+ 29. Kh1 exf4 30. Qxf4 Ne3 31. hxg7+ Rxg7 32. Qxf6 Nxf1 33.
Rxf1 Qg5 34. Qxg5 Rxg5 35. f4 Rf8 36. Kg1 Rgf5 37. g3 Rc5 38. g4 Rc4 39. f5
Rxg4+ 40. Kh2 Rf6 41. Rf3 Rh6+ 42. Rh3 Rxh3+ 43. Kxh3 h5 44. f6 Kg8 45. c4 bxc4
46. c3 Kf7 47. a4 Kxf6 48. a5 Ke5 49. Kh2 Kd5 50. Kh3 Kc5 51. Kh2 Kb5 52. Kh1
Kxa5 53. Kh2 Ka4 54. Kh3 Kb3 55. Kh2 a5 56. Kh3 a4 57. Kh2 a3 58. Kh1 a2 59.
Kh2 a1=Q 60. Kh3 Qh1# 0-1

[Event "DEM U10/U10w 2009"]
[Site "Willingen GER"]
[Date "2009.05.31"]
[Round "1"]
[White "Gungl, Theo"]
[Black "Schmitt, Marco"]
[Result "1-0"]
[Termination "normal"]
[Board "26"]
[WhiteElo "1681"]
[BlackElo "993"]
[PlyCount "55"]
[WhiteFideId "24695653"]
[EventCountry "GER"]
[EventRounds "11"]
[EventType "swiss"]
[EventDate "2009.05.30"]

1. d4 Nc6 2. c4 e5 3. d5 Nd4 4. Nc3 Bb4 5. Bd2 Nf6 6. a3 Bxc3 7. Bxc3 Nf5 8.
Bxe5 d6 9. Bc3 Bd7 10. Nf3 c6 11. e3 Ng4 12. h3 Nf6 13. Bd3 c5 14. g4 Ne7 15.
g5 Nh5 16. Nd2 Nf5 17. Qxh5 g6 18. Qd1 Rg8 19. Ne4 Rf8 20. Nf6+ Ke7 21. Nxh7
Ke8 22. Bf6 Qc8 23. Nxf8 Kxf8 24. h4 Ng7 25. h5 Nxh5 26. Qxh5 gxh5 27. Rxh5 Qd8
28. Rh8# 1-0

[Event "DEM U10/U10w 2009"]
[Site "Willingen GER"]
[Date "2009.05.31"]
[Round "1"]
[White "Sadewasser, Lucie"]
[Black "Kaplun, David"]
[Result "0-1"]
[Termination "normal"]
[Board "27"]
[WhiteElo "989"]
[BlackElo "1312"]
[PlyCount "62"]
[WhiteFideId "12905445"]
[BlackFideId "12901954"]
[EventCountry "GER"]
[EventRounds "11"]
[EventType "swiss"]
[EventDate "2009.05.30"]

1. e4 c5 2. Nf3 e6 3. d3 Be7 4. c4 d6 5. Nc3 a6 6. Be3 Nf6 7. Be2 O-O 8. O-O h6
9. Qd2 Ng4 10. Rad1 Nxe3 11. Qxe3 e5 12. Nd5 Be6 13. Nxe7+ Qxe7 14. Rd2 Nc6 15.
Rfd1 b5 16. b3 b4 17. Ne1 Qf6 18. Qg3 Rfd8 19. Bg4 Bxg4 20. Qxg4 a5 21. a4 bxa3
22. Ra1 Qe6 23. Qxe6 fxe6 24. Rxa3 d5 25. Nf3 dxe4 26. dxe4 Rxd2 27. Nxd2 Rd8
28. Nf1 Rd1 29. Ra2 Nd4 30. Rxa5 Ne2+ 31. Kh1 Rxf1# 0-1

[Event "DEM U10/U10w 2009"]
[Site "Willingen GER"]
[Date "2009.05.31"]
[Round "1"]
[White "Schaefer, Matthes"]
[Black "Hümmecke, Sarah"]
[Result "1/2-1/2"]
[Termination "normal"]
[Board "28"]
[WhiteElo "1311"]
[BlackElo "979"]
[PlyCount "77"]
[WhiteFideId "12946117"]
[EventCountry "GER"]
[EventRounds "11"]
[EventType "swiss"]
[EventDate "2009.05.30"]

1. e4 e5 2. Nf3 Nc6 3. d4 exd4 4. Bc4 Nf6 5. O-O d5 6. exd5 Nxd5 7. Nxd4 Be6 8.
Nxe6 fxe6 9. Re1 e5 10. Qxd5 Qxd5 11. Bxd5 Bd6 12. Bxc6+ bxc6 13. Nc3 O-O 14.
Ne4 Be7 15. Bg5 Bb4 16. c3 Ba5 17. b4 Bb6 18. Be3 Rfe8 19. Bxb6 cxb6 20. Rad1
Re7 21. Rd6 Rc8 22. f4 Kf7 23. Ng5+ Kg8 24. fxe5 h6 25. Nf3 c5 26. b5 Rce8 27.
e6 Kh7 28. Nh4 g6 29. Nf3 Kg7 30. Rd7 Kf6 31. Rxe7 Rxe7 32. c4 Rxe6 33. Rxe6+
Kxe6 34. Kf2 Kf5 35. Kf1 Ke4 36. Ke2 g5 37. g3 g4 38. Nd2+ Kd4 39. Kd1 1/2-1/2

[Event "DEM U10/U10w 2009"]
[Site "Willingen GER"]
[Date "2009.05.31"]
[Round "1"]
[White "Michalowski, Sophia"]
[Black "Fabiunke, Jakob"]
[Result "0-1"]
[Termination "normal"]
[Board "29"]
[WhiteElo "951"]
[BlackElo "1289"]
[PlyCount "110"]
[WhiteFideId "12902454"]
[BlackFideId "24686085"]
[EventCountry "GER"]
[EventRounds "11"]
[EventType "swiss"]
[EventDate "2009.05.30"]

1. d4 d5 2. c4 e6 3. Nc3 Nf6 4. Bg5 Bb4 5. a3 Bxc3+ 6. bxc3 h6 7. Bh4 Nc6 8. e3
Qe7 9. Bd3 Qd6 10. Bg3 Qd7 11. Nf3 Ne4 12. Bh4 Nxc3 13. Qc2 dxc4 14. Qxc3 cxd3
15. Qxd3 Qd5 16. O-O e5 17. e4 Qe6 18. d5 Qd6 19. Qc3 Nd4 20. Nxd4 exd4 21.
Qxd4 O-O 22. e5 Qb6 23. Qd3 Qa6 24. Qg3 Qg6 25. Qxg6 fxg6 26. Rac1 g5 27. Bg3
h5 28. Bh4 gxh4 29. Rxc7 Rf5 30. Re1 Kf8 31. d6 Rf7 32. Rxf7+ Kxf7 33. f4 g6
34. Rd1 Bd7 35. Rc1 Rc8 36. Rc7 Rxc7 37. dxc7 Be6 38. Kf2 Ke7 39. g3 h3 40. Kf3
Kd7 41. g4 hxg4+ 42. Kg3 Kxc7 43. a4 Kc6 44. Kf2 b5 45. axb5+ Kxb5 46. Ke2 a5
47. Kd2 Kc4 48. Kc2 g3 49. hxg3 h2 50. Kd2 h1=Q 51. Ke3 Kc3 52. Kf2 Kd2 53. g4
Qh3 54. f5 Bd5 55. fxg6 Qg2# 0-1

[Event "DEM U10/U10w 2009"]
[Site "Willingen GER"]
[Date "2009.05.31"]
[Round "1"]
[White "Schamschurko, André"]
[Black "Lederer, Leia"]
[Result "1-0"]
[Termination "normal"]
[Board "30"]
[WhiteElo "1282"]
[BlackElo "944"]
[PlyCount "121"]
[WhiteFideId "24695670"]
[BlackFideId "12926353"]
[EventCountry "GER"]
[EventRounds "11"]
[EventType "swiss"]
[EventDate "2009.05.30"]

1. e4 e5 2. Nf3 Nc6 3. Bb5 a6 4. Ba4 Nf6 5. O-O b5 6. Bb3 d6 7. Re1 Bg4 8. d3
Bxf3 9. Qxf3 Nd4 10. Qd1 Nxb3 11. axb3 d5 12. Nd2 dxe4 13. Nxe4 Qd4 14. Nxf6+
gxf6 15. c3 Qd5 16. c4 bxc4 17. bxc4 Qb7 18. d4 O-O-O 19. Qg4+ Kb8 20. dxe5 Bb4
21. Rd1 Rxd1+ 22. Qxd1 Rg8 23. Qf1 fxe5 24. g3 f5 25. Qh3 f4 26. Qxh7 Rd8 27.
Qh5 e4 28. Bxf4 Ka7 29. Be3+ Ka8 30. Qe2 a5 31. h4 c5 32. Bxc5 Bxc5 33. Rxa5+
Ba7 34. g4 Qb6 35. Qxe4+ Qb7 36. Qxb7+ Kxb7 37. g5 Bb6 38. Rd5 Rh8 39. c5 Bc7
40. Rd4 Kc6 41. b4 Be5 42. Re4 Bc3 43. Re6+ Kd5 44. Rd6+ Kc4 45. Rh6 Re8 46. c6
Bxb4 47. f4 Re1+ 48. Kf2 Rh1 49. c7 Be1+ 50. Kf3 Kd3 51. Rd6+ Kc2 52. c8=Q+ Bc3
53. Qf5+ Kb3 54. Qb5+ Bb4 55. Rd3+ Ka2 56. Qa4+ Ba3 57. Qxa3+ Kb1 58. Rb3+ Kc2
59. Qb2+ Kd1 60. Rd3+ Ke1 61. Qe2# 1-0

[Event "DEM U10/U10w 2009"]
[Site "Willingen GER"]
[Date "2009.05.31"]
[Round "1"]
[White "Lehmann, Erik"]
[Black "Nobis, Anna"]
[Result "0-1"]
[Termination "normal"]
[Board "31"]
[WhiteElo "943"]
[BlackElo "1269"]
[PlyCount "152"]
[BlackFideId "1270302"]
[EventCountry "GER"]
[EventRounds "11"]
[EventType "swiss"]
[EventDate "2009.05.30"]

1. d4 d5 2. c4 c6 3. Nf3 Nf6 4. Nc3 e6 5. Bg5 Be7 6. e3 O-O 7. Bd3 Nbd7 8. Qc2
dxc4 9. Bxc4 c5 10. d5 Nb6 11. Bd3 h6 12. Bxf6 Bxf6 13. dxe6 Bxe6 14. Rd1 Qc7
15. Ne4 Be7 16. b3 c4 17. bxc4 Nxc4 18. Bxc4 Qxc4 19. Qxc4 Bxc4 20. Rd7 Bb4+
21. Ned2 Ba6 22. Rc7 Rac8 23. Rxc8 Rxc8 24. Kd1 Ba3 25. Nb3 b5 26. Nfd2 Bb7 27.
e4 a5 28. Ke2 a4 29. Nd4 Bc1 30. N4f3 b4 31. Rd1 Ba6+ 32. Ke1 Rc3 33. Nd4 Kf8
34. f4 Re3+ 35. Kf2 Bxd2 36. Rxd2 Rxe4 37. f5 Re7 38. Nc6 Re8 39. Nxb4 Bb7 40.
Rd7 Re7 41. Rd8+ Re8 42. Rd7 Be4 43. Ra7 Ra8 44. Rxa8+ Bxa8 45. Ke3 Bxg2 46.
Kd4 Bf3 47. Kc5 Be2 48. Kb6 Ke7 49. Ka5 Bd1 50. Nd5+ Kd6 51. Nc3 Bc2 52. Nxa4
Bxf5 53. Nc3 Bd7 54. Nb5+ Bxb5 55. Kxb5 f5 56. Kc4 g5 57. Kd4 f4 58. h3 h5 59.
Ke4 h4 60. a4 Kc5 61. a5 Kb5 62. a6 Kxa6 63. Kf3 Kb5 64. Kg4 Kc4 65. Kf3 Kd3
66. Kf2 Ke4 67. Ke2 f3+ 68. Kf2 Kf4 69. Ke1 Ke3 70. Kf1 f2 71. Kg2 Ke2 72. Kh2
Ke1 73. Kh1 f1=Q+ 74. Kh2 g4 75. hxg4 Kf2 76. g5 Qg2# 0-1

[Event "DEM U10/U10w 2009"]
[Site "Willingen GER"]
[Date "2009.05.31"]
[Round "1"]
[White "Baberz, Alexander"]
[Black "Döpper, Anna Berenice"]
[Result "1-0"]
[Termination "normal"]
[Board "32"]
[WhiteElo "1268"]
[BlackElo "919"]
[PlyCount "43"]
[WhiteFideId "12921734"]
[BlackFideId "1271853"]
[EventCountry "GER"]
[EventRounds "11"]
[EventType "swiss"]
[EventDate "2009.05.30"]

1. d4 d5 2. c4 e5 3. dxe5 d4 4. a3 a5 5. Nf3 Bc5 6. g3 Bg4 7. Bg2 Ne7 8. O-O
O-O 9. Nbd2 b6 10. Nxd4 Ra7 11. Nb5 Ra6 12. Bb7 Qe8 13. Bxa6 Nxa6 14. Nf3 Qa8
15. Nc3 Rd8 16. Qc2 Ng6 17. Nd5 c6 18. Ne3 Bh3 19. Rd1 Rxd1+ 20. Qxd1 Bxe3 21.
Bxe3 c5 22. Bg5 1-0

[Event "DEM U10/U10w 2009"]
[Site "Willingen GER"]
[Date "2009.05.31"]
[Round "1"]
[White "Reimers, Kim"]
[Black "Graf, Clara Victoria"]
[Result "0-1"]
[Termination "normal"]
[Board "33"]
[WhiteElo "901"]
[BlackElo "1255"]
[PlyCount "122"]
[WhiteFideId "12930377"]
[BlackFideId "1270339"]
[EventCountry "GER"]
[EventRounds "11"]
[EventType "swiss"]
[EventDate "2009.05.30"]

1. e4 c5 2. Nf3 Nc6 3. d4 cxd4 4. Nxd4 g6 5. Bb5 Bg7 6. Nb3 Nf6 7. Nc3 O-O 8.
O-O d6 9. Bf4 a6 10. Bd3 d5 11. exd5 Nxd5 12. Nxd5 Qxd5 13. c3 e5 14. Bg3 Rd8
15. Be2 Qxd1 16. Rfxd1 Bf5 17. Bh4 f6 18. g4 Bc2 19. Rd2 Bxb3 20. Rxd8+ Rxd8
21. axb3 Rd2 22. Bc4+ Kf8 23. Rb1 b5 24. Bf1 Na5 25. b4 Nb3 26. h3 Rd6 27. Bg2
Nd2 28. Rc1 e4 29. Bg3 Re6 30. Bf4 Nc4 31. b3 g5 32. Bg3 Nd2 33. Re1 Nxb3 34.
Rxe4 Rxe4 35. Bxe4 f5 36. gxf5 Bxc3 37. Bd6+ Kg7 38. Kg2 Kf6 39. Kg3 h5 40. f4
gxf4+ 41. Kxf4 a5 42. bxa5 Nxa5 43. Bc7 Bd2+ 44. Kg3 Nc4 45. Bd8+ Ke5 46. f6
Kxe4 47. Be7 Ne5 48. Kh4 Kf5 49. Kxh5 Bg5 50. f7 Bxe7 51. f8=Q+ Bxf8 52. h4 Be7
53. Kh6 b4 54. Kg7 Bxh4 55. Kh6 b3 56. Kh5 b2 57. Kxh4 b1=Q 58. Kg3 Qe4 59. Kf2
Kf4 60. Kg1 Kg3 61. Kf1 Nd3 0-1

[Event "DEM U10/U10w 2009"]
[Site "Willingen GER"]
[Date "2009.05.31"]
[Round "1"]
[White "Gschnitzer, Adrian"]
[Black "Schneider, Jana"]
[Result "1-0"]
[Termination "normal"]
[Board "34"]
[WhiteElo "1253"]
[BlackElo "886"]
[PlyCount "53"]
[WhiteFideId "1270337"]
[BlackFideId "12924997"]
[EventCountry "GER"]
[EventRounds "11"]
[EventType "swiss"]
[EventDate "2009.05.30"]

1. e4 e5 2. Nf3 Nc6 3. d4 exd4 4. Nxd4 Nf6 5. Nc3 d5 6. Bb5 dxe4 7. Nxc6 Qxd1+
8. Nxd1 Bd7 9. Nd4 Bxb5 10. Nxb5 O-O-O 11. O-O Bc5 12. Ndc3 a6 13. Na3 Bb4 14.
Bg5 Bxc3 15. bxc3 h6 16. Bh4 g5 17. Bg3 Nd5 18. Nc4 Nxc3 19. Rfe1 Rd4 20. Be5
Rhd8 21. Bxd4 Rxd4 22. Ne5 f6 23. Ng4 f5 24. Nxh6 f4 25. h4 Rd2 26. Nf7 Rxc2
27. Nxg5 1-0

[Event "DEM U10/U10w 2009"]
[Site "Willingen GER"]
[Date "2009.05.31"]
[Round "1"]
[White "Pohl, Jannik"]
[Black "Kasel, Mario"]
[Result "0-1"]
[Termination "normal"]
[Board "35"]
[WhiteElo "883"]
[BlackElo "1234"]
[PlyCount "66"]
[BlackFideId "24660957"]
[EventCountry "GER"]
[EventRounds "11"]
[EventType "swiss"]
[EventDate "2009.05.30"]

1. d4 d5 2. Nc3 Bf5 3. Bf4 Nc6 4. Nf3 Nf6 5. e3 e6 6. Bb5 Bb4 7. Ne5 O-O 8.
Nxc6 bxc6 9. Bxc6 Rb8 10. O-O Bd6 11. b3 Bxf4 12. exf4 Qd6 13. Bb5 Qxf4 14. Bd3
Qxd4 15. Bxf5 Qxc3 16. Bd3 Rfd8 17. Qf3 Qd4 18. Rad1 Qg4 19. Qe3 d4 20. Qe5 Nd5
21. h3 Qf4 22. Qh5 Nf6 23. Qe2 Nd5 24. Qg4 Qxg4 25. hxg4 Nf6 26. f3 Nd5 27. Rf2
Ne3 28. Re1 Rd5 29. c3 e5 30. f4 Nxg4 31. Be4 Nxf2 32. Bxd5 Nd3 33. Rd1 Nxf4
0-1

[Event "DEM U10/U10w 2009"]
[Site "Willingen GER"]
[Date "2009.05.31"]
[Round "1"]
[White "Balzer, Alexander"]
[Black "Rost, Henning"]
[Result "0-1"]
[Termination "normal"]
[Board "36"]
[WhiteElo "1229"]
[BlackElo "880"]
[PlyCount "100"]
[WhiteFideId "34609822"]
[EventCountry "GER"]
[EventRounds "11"]
[EventType "swiss"]
[EventDate "2009.05.30"]

1. d4 b6 2. Nc3 Bb7 3. Bf4 a6 4. Nf3 e6 5. e3 Bb4 6. Be2 Nf6 7. a3 Bxc3+ 8.
bxc3 Nd5 9. Qd3 Nxf4 10. exf4 h6 11. O-O Qf6 12. g3 O-O 13. Ne5 d6 14. Ng4 Qe7
15. c4 d5 16. cxd5 Bxd5 17. c4 Bb7 18. Bd1 c5 19. Bc2 f5 20. Ne5 Rd8 21. Nf3
Bxf3 22. Qxf3 Nd7 23. dxc5 Nxc5 24. Rfd1 Rxd1+ 25. Rxd1 Rd8 26. Rxd8+ Qxd8 27.
Qc6 Kf7 28. a4 Nd7 29. Qb7 a5 30. Bd1 Kf6 31. Bh5 g6 32. Bf3 Nc5 33. Qc6 g5 34.
fxg5+ hxg5 35. h4 g4 36. Be2 Ne4 37. h5 Qd2 38. Kf1 Qd4 39. Qxe4 Qxe4 40. Ke1
Qh1+ 41. Kd2 Qxh5 42. Kd3 Qe8 43. Bd1 Qd7+ 44. Ke2 Qd4 45. Ke1 Qxc4 46. f3 Qc3+
47. Kf2 Qd2+ 48. Be2 gxf3 49. Kxf3 e5 50. Bb5 e4# 0-1

[Event "DEM U10/U10w 2009"]
[Site "Willingen GER"]
[Date "2009.05.31"]
[Round "1"]
[White "Müller, Sophie"]
[Black "Flüchter, Gregor"]
[Result "0-1"]
[Termination "normal"]
[Board "37"]
[WhiteElo "842"]
[BlackElo "1226"]
[PlyCount "86"]
[WhiteFideId "12926698"]
[BlackFideId "12903396"]
[EventCountry "GER"]
[EventRounds "11"]
[EventType "swiss"]
[EventDate "2009.05.30"]

1. e4 c5 2. Nc3 Nc6 3. Bb5 a6 4. Bd3 Nf6 5. b3 d5 6. Bb2 d4 7. Nce2 Ne5 8. Nf3
Nxd3+ 9. cxd3 Bd7 10. Qc2 Rc8 11. O-O Bb5 12. Nf4 Qc7 13. Nd5 Nxd5 14. exd5 Qd8
15. h3 Qxd5 16. Ba3 Qf5 17. Ne1 Qg6 18. b4 c4 19. dxc4 Qxc2 20. Nxc2 Bxc4 21.
Rfe1 Rd8 22. Re4 Bd3 23. Rxd4 Bxc2 24. Rxd8+ Kxd8 25. Rc1 Be4 26. Rd1 e6 27. d3
Bc6 28. d4 a5 29. bxa5 Bxa3 30. Rd3 Bb4 31. Rb3 Bxa5 32. Ra3 b6 33. Kf1 Kc7 34.
Ke2 Rd8 35. Kd3 Bxg2 36. Ra4 Bxh3 37. Rc4+ Kb7 38. Ra4 Bf5+ 39. Kc4 Rc8+ 40.
Kb5 Bd3+ 41. Rc4 Bxc4+ 42. Ka4 Ra8 43. d5 Bc3# 0-1